| 000 | 00822nam a22002177a 4500 | ||
|---|---|---|---|
| 008 | 081208t xxu||||| |||| 00| 0 eng d | ||
| 010 | _aENG-92065 | ||
| 020 | _c175.00 | ||
| 035 | _aEN-75598 | ||
| 037 | _bDBAD / PUB | ||
| 040 |
_adpl _bEnglish |
||
| 082 | _a793.74 | ||
| 100 | _aThakur, Rajesh Kumar | ||
| 245 |
_aMathematical games & puzzles / _cby Rajesh Kumar Thakur |
||
| 260 |
_aLucknow _bDivyansh Publications _c2008 |
||
| 270 |
_aMIG, 222, Phase - I, LDA Tickait Rai Colony, _bLucknow _e226017 |
||
| 300 |
_a207p.: _c20cm (Hb) _bill. |
||
| 650 | _aMathematical recreations. | ||
| 942 |
_2ddc _cEN _mTHA _h793.74 |
||
| 999 |
_c19582 _d19582 |
||